Responses for show #3356 - Monday, March 22, 1999

1999 Celebrity Jeopardy! Sports Anchors Night.

Contestants

[<< previous game]

Keith Olbermann, an anchorman from Fox Sports News

Robin Roberts, an anchorwoman from ESPN

Bob Costas, a commentator and anchorman from NBC Sports

[next game >>]

Jeopardy! Round responses

WHERE WERE YOU IN '62?
SPORTS STATS
TRUCK STOP
POP MUSIC
AROUND THE USA
ATHLETE'S RHYME TIME
    $100 1
John F. Kennedy

Bob
    $100 6
Tiger Woods

Bob
    $100 21
tug

Keith
    $100 11
Madonna

Bob
    $100 16
San Francisco

Bob
    $100 22
(Alex: Less than a minute to go.)

clean green

Bob
    $200 2
Wilt Chamberlain

Bob
    $200 7
Sammy Sosa

Bob
    $200 12
The Who

Bob
    $200 17
(Keith: What is a Black-eyed Susan?)

Iris

Keith
Triple Stumper
    $200 23
blue cue

Keith
    $300 3
Walter Cronkite

Keith
    $300 8
(Alex: You don't look old enough to have set that record!)
(Robin: You're so kind, Alex, you're so kind!)

Robin Roberts

Robin
    $300 13
Jefferson Airplane

Bob
    $300 18
Washington, D.C.

Keith
    $300 24
ring king

Keith
    $400 4
The Jetsons

Bob
    $500 9
Secretariat

Robin
    $400 28
(Keith: What is an umbrella?)
....
[buzzer sounds to end the round]

jackknife

Keith
Triple Stumper
    $400 14
Jimi Hendrix

Keith
    $400 19
Nantucket

Triple Stumper
    $400 25
dad's pads

Keith
    $500 5
prayer

Bob
    $500 10
George Blanda

Bob
    $500 27
monster trucks

Bob
    $500 15
Steely Dan

Bob
    $500 20
Utah

Bob
    $500 26
(Bob: What is a [*]...)
(Keith: [Adding in] ...er.)
(Alex: Right... no, no. No, sorry!)
(Robin: What is a [*]?)
(Alex: Bob, you said "[*]ter", didn't you?)
(Bob: No, I said "[*]"; Alex, I said "[*]"!)
(Alex: Our judges are indicating that I did not mishear, however, Bob did say "[*]"; the "er" came from Keith Olbermann!)
(Bob: A very sly trick, Alex!)
[Robin still received credit for a correct response.]

fat bat

BobRobin

Scores at the first commercial break (after clue 13):

Bob Robin Keith
$2,600 $800 $300

Scores at the end of the Jeopardy! Round:

Bob Robin Keith
$4,800 $1,300 $1,400

Double Jeopardy! Round responses

COUNTRIES OF THE WORLD
THE SPORTS BIZ
BEHIND THE MIKE
OPERA
JOCKS ON FILM
CHAUVINISTIC TERMS FOR WOMEN
(Alex: Yeah, I'm sorry about that, Robin!)
    $200 14
Brazil

Robin
    $200 9
Michael Jordan

Bob
    $200 4
Pat Summerall

Keith
    $200 22
The Lone Ranger

Bob
    $200 1
Knute Rockne

Robin
    $200 21
(Alex: Minute to go.)

doll

Keith
    $400 15
Libya

Bob
    $400 10
Microsoft

Bob
    $400 5
Marv Albert

Robin
    $400 27
Hansel and Gretel

Bob
    $400 2
Robert Redford

Bob
    $400 23
babe

Bob
    $600 16
(Bob: [not ringing in] What is India?)
(Alex: Somebody has to ring in!)

India

Robin
    $600 11
figure skating

Bob
    $600 6
Ronald Reagan

Robin
    $600 28
(Bob: What is China?)
....
[buzzer sounds to end the round]

Japan

Bob
    $600 3
Rollerball

Keith
    $600 24
Chick

Bob
    $1,300 17
Italy

Robin
    $800 12
the Ravens

Bob
    $800 7
Curt Gowdy

Bob
    $800 19
The Harder They Fall

Bob
    $800 25
dame

Bob
    $1000 18
Greece

Bob
    $1000 13
Bud Selig

Bob
    $1000 8
Donna de Varona

Bob
    $1000 20
Fear Strikes Out

Bob
    $1000 26
broad

Keith

Scores at the end of the Double Jeopardy! Round:

Bob Robin Keith
$15,000 $4,600 $3,400
(lock game)

[wagering suggestions for these scores]

Final Jeopardy! Round responses

THE OLYMPICS
KeithWhat is ice hockey?
$2,500
RobinWhat is "Bob"sledding
$4,600
BobWhat is hockey?
$5,000
ice hockey

Final scores:

Bob Robin Keith
$20,000 $0 $5,900
Winner: $20,000 for Bob Costas Cancer Center 3rd place: $10,000 for The Genesis Foundation 2nd place: $10,000 for Jesuit Jamshedpur Mission

Game dynamics:

Coryat scores:

Bob Robin Keith
$15,600 $4,000 $3,400
33 R,
1 W
(including 1 DD)
9 R
(including 2 DDs),
0 W
11 R,
2 W

Combined Coryat: $23,000

The J! Archive is created by fans, for fans. The Jeopardy! game show and all elements thereof, including but not limited to copyright and trademark thereto, are the property of Jeopardy Productions, Inc. and are protected under law. This website is not affiliated with, sponsored by, or operated by Jeopardy Productions, Inc. Join the discussion at JBoard.tv.